000
00193 a2200097 4500
001
5107
100
_a
Braunbek,W
245
_a
Drama of the atom
260
_a
_b
Oliver
_c
090
_c
4250
_d
4250
942
_a
NUST-CAE
_c
M
_c
30546
999
_c
240180
_d
240180